La esencia del derecho, la justicia, la ley: gramática filosófica del derecho

Đã lưu trong:
Chi tiết về thư mục
Tác giả chính: Río, Manuel (Tác giả)
Định dạng: Sách
Ngôn ngữ:Tiếng Tây Ban Nha
Được phát hành: Buenos Aires Academia Nacional de Derecho y Ciencias Sociales 1970
Loạt:Biblioteca de la Academia Nacional de Derecho y Ciencias Sociales de Buenos Aires. Obras, 8
Những chủ đề:
Các nhãn: Thêm thẻ
Không có thẻ, Là người đầu tiên thẻ bản ghi này!

MARC

LEADER 00000nam a2200000 a 4500
001 UCS9696
003 CL-VaPUC
008 971121e19700000AG |||||||||||||||||spa|d
082 0 4 |a 340.1  |b RIO  |2 21 
100 0 |a Río, Manuel  |e author  |9 394968 
245 1 3 |a La esencia del derecho, la justicia, la ley: gramática filosófica del derecho 
300 |a 289 p 
600 0 |a Marx, Karl Heinrich,  |d 1818-1883  |9 861123 
942 |c BK 
945 |d 19971121 00:00:00  |a cmena 
260 |a Buenos Aires  |b Academia Nacional de Derecho y Ciencias Sociales  |c 1970 
650 0 |a Filosofía del derecho   |9 255050 
650 7 |a DERECHO OBJETIVO  |2 CL-VaPUC  |9 394408 
650 0 |a Relación jurídica  |9 381220 
650 0 |a Hombres   |9 318163 
650 0 |a Derecho subjetivo  |9 256705 
650 0 |a Justicia   |9 255408 
650 0 |a Etica y derecho  |9 341370 
650 0 |a Relaciones interpersonales  |9 307056 
650 7 |a DERECHO Y ECONOMIA  |2 CL-VaPUC  |9 255885 
650 0 |a Dogmática jurídica  |9 337910 
650 7 |a LEGISLACION  |2 CL-VaPUC  |9 394969 
650 0 |a Escuelas filosóficas   |9 266232 
650 7 |a MARXISMO  |2 CL-VaPUC  |9 394970 
583 |a last modification  |c 19971121 00:00:00  |k Rodrigo Vera 
490 0 |a Biblioteca de la Academia Nacional de Derecho y Ciencias Sociales de Buenos Aires. Obras, 8 
999 |c 263457  |d 263455 
952 |0 0  |1 0  |4 0  |6 340_100000000000000_RIO_1970  |7 0  |8 DER_TF  |9 292781  |a BIBDER  |b BIBDER  |d 2019-11-19  |i 1904795  |o 340.1 RIO 1970  |p 1904795  |r 2023-01-25  |w 2019-11-19  |x Ubicación 4to Piso  |y BK  |z Estos recursos deben solicitarse con anticipación  |k DER